|
|
|
|
| LEADER |
01540nam a2200265 u 4500 |
| 001 |
10107877 |
| 003 |
upatras |
| 005 |
20210117204427.0 |
| 008 |
120528s gre |
| 040 |
|
|
|a ceid
|c ceid
|
| 040 |
|
|
|a XX-XxUND
|c ceid
|
| 040 |
|
|
|a ΤΜΗΥΠ
|c ΤΜΗΥΠ
|
| 245 |
1 |
0 |
|a ΤΕΧΝΟΛΟΓΙΕΣ ΚΑΙ ΠΡΟΤΥΠΑ ΥΛΟΠΟΙΗΣΗΣ ΘΕΜΑΤΙΚΩΝ ΠΥΛΩΝ ΤΟΥ ΠΑΓΚΟΣΜΙΟΥ ΙΣΤΟΥ
|b ΔΙΠΛΩΜΑΤΙΚΗ ΕΡΓΑΣΙΑ, ΠΑΝΕΠΙΣΤΗΜΙΟ ΠΑΤΡΩΝ, ΤΜΗΥΠ
|c ΒΑΦΕΙΑΔΗΣ ΗΛΙΑΣ; ΓΑΡΟΦΑΛΑΚΗΣ ΙΩΑΝΝΗΣ
|
| 260 |
|
|
|a ΠΑΤΡΑ
|b ΠΑΝΕΠΙΣΤΗΜΙΟ ΠΑΤΡΩΝ, ΤΜΗΥΠ
|c 2006
|
| 300 |
|
|
|a Σ.121
|
| 504 |
|
|
|a ΒΙΒΛΙΟΓΡΑΦΙΑ Σ.118
|
| 505 |
1 |
|
|a ΠΡΟΛΟΓΟΣ Σ.5
|a ΚΕΦΑΛΑΙΟ 1. ΓΕΝΙΚΑ ΣΤΟΙΧΕΙΑ Σ.8
|a ΚΕΦΑΛΑΙΟ 2. ΒΑΣΙΚΑ ΣΤΟΙΧΕΙΑ ΠΡΩΤΟΚΟΛΛΟΥ JSR-168 Σ.29
|a ΚΕΦΑΛΑΙΟ 3. WSRP (WEB SERVICES FOR REMOTE PORTLETS) Σ.46
|a ΚΕΦΑΛΑΙΟ 4. PORTAL SERVERS Σ.67
|a ΚΕΦΑΛΑΙΟ 5. ΥΛΟΠΟΙΗΣΗ ΕΦΑΡΜΟΓΗΣ Σ.88
|a ΕΠΙΛΟΓΟΣ Σ.116
|
| 650 |
|
4 |
|a Πτυχιακή Εργασία
|9 125162
|
| 650 |
|
4 |
|a ΠΤΥΧΙΑΚΗ ΕΡΓΑΣΙΑ 2006
|9 129956
|
| 700 |
1 |
|
|a Γαροφαλάκης, Γιάννης
|4 aut
|9 117466
|
| 700 |
1 |
|
|9 129960
|a Βαφειάδης Η., Ηλίας
|4 aut
|
| 852 |
|
|
|a GR-PaULI
|b ΠΑΤΡΑ
|b ΤΜΗΥΠ
|t 1
|
| 942 |
|
|
|2 ddc
|
| 952 |
|
|
|0 0
|1 0
|4 0
|7 0
|9 145474
|a CEID
|b CEID
|d 2016-04-24
|l 0
|r 2016-04-24 00:00:00
|t 1
|w 2016-04-24
|
| 999 |
|
|
|c 94719
|d 94719
|